000 00579nam a2200217Ia 4500
003 OSt
005 20220918105429.0
006 a|||||r|||| 00| 0
007 ta
008 220915b |||||||| |||| 00| 0 eng d
024 _a94,018
037 _cReference Collections
040 _aARTS
_cARTS
_beng
041 _2eng
_aeng
082 _aT4g, M3(RR)
100 _aFuhrmann B.S. Au.
_91384
245 0 _aPractical handbook fro college teachers
260 _c1983
942 _hT4g, M3(RR)
_cREF
999 _c107127
_d107127